[Event "It Open"]
[Site "Berlin GER"]
[Date "1993.??.??"]
[Round "?"]
[White "Milov, Vadim"]
[Black "Ryskin, Alexander"]
[Result "1/2-1/2"]
[WhiteElo "2590"]
[BlackElo "2505"]
[PlyCount "109"]
[EventDate "1993.??.??"]
[Source "www.chesslib.no"]
[SourceDate "2004.05.04"]

1. e4 c5 2. Nf3 d6 3. d4 cxd4 4. Nxd4 Nf6 5. Nc3 Nc6 6. Bg5 e6 7. Bb5 Bd7 8. Bxc6 bxc6 9. Qf3 h6 10. Bh4 e5 11. Nf5 g5 12. Bg3 Bxf5 13. Qxf5 Be7 14. O-O-O Qd7 15. Qf3 Qe6 16. h4 g4 17. Qd3 Nh5 18. Qa6 Qc8 19. Qa4 O-O 20. Rd3 a5 21. Rhd1 Qa6 22. Nb1 Rfb8 23. Rc3 Rb6 24. Qc4 Bf8 25. Qxa6 Rbxa6 26. Na3 Nf6 27. Re3 h5 28. Kb1 d5 29. f3 Bc5 30. Rb3 a4 31. Rb7 dxe4 32. Nc4 exf3 33. gxf3 gxf3 34. Nxe5 Ne4 35. Bf4 Rb6 36. Rxb6 Bxb6 37. Nxf3 Rd8 38. Rxd8+ Bxd8 39. c4 Kg7 40. Kc2 Kf6 41. Be3 c5 42. b3 axb3+ 43. Kxb3 Kf5 44. a4 Bc7 45. Nd2 Nxd2+ 46. Bxd2 Kg4 47. Be1 f5 48. a5 Bxa5 49. Bxa5 Kxh4 50. Kc2 Kg3 51. Kd3 h4 52. Be1+ Kg4 53. Ke2 h3 54. Kf2 Kf4 55. Kg1 1/2-1/2

[Event "Sochi"]
[Site "Sochi"]
[Date "1989.??.??"]
[Round "?"]
[White "Chiburdanidze, M."]
[Black "Ruban, V."]
[Result "0-1"]
[WhiteElo "2520"]
[BlackElo "2560"]
[PlyCount "59"]
[EventDate "1989.??.??"]
[Source "www.chesslib.no"]
[SourceDate "2004.05.04"]

1. e4 c5 2. Nf3 d6 3. d4 cxd4 4. Nxd4 Nf6 5. Nc3 Nc6 6. Bg5 e6 7. Bb5 Bd7 8. Bxc6 bxc6 9. O-O h6 10. Bh4 g5 11. Bg3 e5 12. Nb3 h5 13. f3 h4 14. Bf2 Be6 15. Qd3 Nh5 16. Qa6 Qc8 17. Qa4 Nf4 18. Na5 Bd7 19. Rfd1 d5 20. Nb3 d4 21. Qa5 f6 22. Nxd4 exd4 23. Bxd4 Kf7 24. e5 c5 25. Be3 Bc6 26. Bxf4 gxf4 27. exf6 h3 28. Nd5 hxg2 29. Rd2 Bd6 30. c4 0-1

[Event "Haninge"]
[Site "Haninge"]
[Date "1989.??.??"]
[Round "?"]
[White "Sax, G."]
[Black "Wilder, M."]
[Result "1/2-1/2"]
[WhiteElo "2520"]
[BlackElo "2540"]
[PlyCount "49"]
[EventDate "1989.05.??"]
[Source "www.chesslib.no"]
[SourceDate "2004.05.04"]

1. e4 c5 2. Nf3 d6 3. d4 cxd4 4. Nxd4 Nf6 5. Nc3 Nc6 6. Bg5 e6 7. Bb5 Bd7 8. Bxc6 bxc6 9. Qf3 Qa5 10. Bxf6 gxf6 11. O-O-O Rg8 12. g3 Qb6 13. Nb3 e5 14. h3 a5 15. Qxf6 a4 16. Nd2 Be6 17. Qf3 Be7 18. Qe2 Kd7 19. Nc4 Qc5 20. b3 Kc7 21. h4 Qb4 22. Qd3 axb3 23. cxb3 Rgd8 24. Rd2 Kb7 25. Kb1 1/2-1/2

[Event "Berliner Sommer"]
[Site "Berlin GER"]
[Date "1993.??.??"]
[Round "?"]
[White "Gofshtein, Zeev-Alon"]
[Black "Aseev, Konstantin N"]
[Result "0-1"]
[WhiteElo "2540"]
[BlackElo "2490"]
[PlyCount "109"]
[EventDate "1993.08.??"]
[Source "www.chesslib.no"]
[SourceDate "2004.05.04"]

1. e4 c5 2. Nf3 d6 3. d4 cxd4 4. Nxd4 Nf6 5. Nc3 Nc6 6. Bg5 e6 7. Bb5 Bd7 8. Bxc6 bxc6 9. Qf3 h6 10. Bh4 Qb6 11. Nb3 Be7 12. e5 dxe5 13. O-O-O Qb4 14. Bg3 e4 15. Qe2 c5 16. a3 Qb6 17. Nd2 O-O 18. Nc4 Bb5 19. Rhe1 Bxc4 20. Qxc4 Rad8 21. h3 Qc6 22. Bh4 e3 23. f3 Rd2 24. Bxf6 Bxf6 25. Rxd2 exd2+ 26. Kxd2 Rd8+ 27. Kc1 Qb6 28. Rd1 Rb8 29. b3 Qc7 30. Ne4 Be7 31. Kb1 a5 32. Ka2 g6 33. Rd3 Rb6 34. Qa4 Rc6 35. Nd2 Bf6 36. Nc4 Kg7 37. Qxa5 Qh2 38. Qd2 Qg1 39. c3 Rc7 40. a4 Rc8 41. Rd7 Rg8 42. a5 Ra8 43. Kb2 h5 44. Qe2 h4 45. Rd1 Qh2 46. Ra1 Qb8 47. Ra4 Qb5 48. Kc2 Ra6 49. Qd3 Qc6 50. Na3 Qc8 51. Qb5 Ra8 52. a6 Qc7 53. Qd3 Qc6 54. Nc4 Ra7 55. Qd6 0-1

[Event "Dallas Pinfork op4"]
[Site "Dallas, TX USA"]
[Date "1996.??.??"]
[Round "?"]
[White "Martin del Campo, Roberto"]
[Black "Gurevich, Dmitry B"]
[Result "1-0"]
[WhiteElo "2445"]
[BlackElo "2535"]
[PlyCount "91"]
[EventDate "1996.??.??"]
[Source "www.chesslib.no"]
[SourceDate "2004.05.04"]

1. e4 c5 2. Nf3 d6 3. d4 cxd4 4. Nxd4 Nf6 5. Nc3 Nc6 6. Bg5 e6 7. Bb5 Qb6 8. Be3 Qc7 9. f4 a6 10. Bd3 b5 11. Nxc6 Qxc6 12. e5 b4 13. Ne2 dxe5 14. fxe5 Ng4 15. Bd4 Bc5 16. Qd2 Bb7 17. Qf4 h5 18. Rf1 O-O-O 19. h3 g5 20. Qxg5 Rxd4 21. Nxd4 Bxd4 22. hxg4 Bxb2 23. Qf6 Bc3+ 24. Kd1 Rd8 25. Rb1 Qxg2 26. Qf2 Qxg4+ 27. Kc1 Qg5+ 28. Qf4 Qxf4+ 29. Rxf4 a5 30. a3 Rd7 31. axb4 axb4 32. Kd1 Bd5 33. Ke2 Ba2 34. Rh1 Rd5 35. Rxh5 Bxe5 36. Rxf7 Bc7 37. Rhh7 Re5+ 38. Kf1 Rc5 39. Ke2 Bd5 40. Rh4 b3 41. cxb3 Rc3 42. Bc4 Kb7 43. Kd2 Rg3 44. Rhh7 Rg2+ 45. Kc3 Rg3+ 46. Kb4 1-0

[Event "9394"]
[Site "Pamplona9394"]
[Date "1993.??.??"]
[Round "?"]
[White "Izeta Txabarri, Felix"]
[Black "Gomez Esteban, Juan M"]
[Result "1-0"]
[WhiteElo "2505"]
[BlackElo "2450"]
[PlyCount "71"]
[EventDate "1993.??.??"]
[Source "www.chesslib.no"]
[SourceDate "2004.05.04"]

1. e4 c5 2. Nf3 d6 3. d4 cxd4 4. Nxd4 Nf6 5. Nc3 Nc6 6. Bg5 e6 7. Bb5 Bd7 8. Bxc6 bxc6 9. Qf3 Qa5 10. Bxf6 gxf6 11. Qxf6 Rg8 12. Qf3 Rb8 13. Nb3 Qg5 14. g3 c5 15. Qd3 Rb4 16. a3 Rb6 17. O-O h5 18. Nd2 Bc8 19. Nc4 Ba6 20. a4 Bxc4 21. Qxc4 h4 22. Nb5 a6 23. Nc7+ Ke7 24. Ra3 Bg7 25. a5 Rxb2 26. Qxa6 Rgb8 27. Qd3 Bd4 28. a6 hxg3 29. Qxg3 Qxg3+ 30. hxg3 Kd7 31. a7 Kxc7 32. a8=Q Rxc2 33. Qd5 c4 34. g4 Rb3 35. g5 Kb8 36. Rd1 1-0

[Event "International"]
[Site "Stavanger NOR"]
[Date "1992.??.??"]
[Round "8"]
[White "Westerinen, Heikki M J"]
[Black "Fishbein, Alexander"]
[Result "1/2-1/2"]
[WhiteElo "2430"]
[BlackElo "2495"]
[PlyCount "50"]
[EventDate "1992.??.??"]
[Source "www.chesslib.no"]
[SourceDate "2004.05.04"]

1. e4 c5 2. Nf3 d6 3. d4 cxd4 4. Nxd4 Nf6 5. Nc3 Nc6 6. Bg5 e6 7. Bb5 Bd7 8. Bxc6 bxc6 9. Qf3 Qa5 10. Bxf6 gxf6 11. O-O-O Qe5 12. g3 c5 13. Nf5 exf5 14. exf5 Bh6+ 15. Kb1 O-O 16. Rd5 Qe7 17. Rhd1 Bc6 18. Qg4+ Kh8 19. Rxd6 Qb7 20. Qc4 Bf3 21. R1d3 Rab8 22. b3 Qe7 23. Qxc5 Qe1+ 24. Nd1 Be4 25. Qc3 Qe2 1/2-1/2

[Event "Linares 10. Hotel Anibal Open"]
[Site "?"]
[Date "2003.03.09"]
[Round "10.19"]
[White "Moreno Tejera Emilio"]
[Black "Blehm Pawel"]
[Result "0-1"]
[WhiteElo "2366"]
[BlackElo "2526"]
[PlyCount "194"]
[EventDate "2003.??.??"]
[Source "www.chesslib.no"]
[SourceDate "2004.05.04"]

1. e4 c5 2. Nf3 d6 3. d4 cxd4 4. Nxd4 Nf6 5. Nc3 Nc6 6. Bg5 e6 7. Bb5 Qb6 8. Be3 Qc7 9. Qe2 a6 10. Bd3 Be7 11. f4 O-O 12. Nb3 b5 13. O-O Bb7 14. Rae1 Rfe8 15. Kh1 Bf8 16. Qf3 g6 17. Qh3 Bg7 18. a3 b4 19. Nd1 bxa3 20. bxa3 d5 21. e5 Nd7 22. Nf2 Na5 23. Bd4 Nc6 24. Bc3 Ne7 25. Bd4 Nf5 26. Bb2 Nb6 27. Ng4 Nc4 28. Bc1 Qe7 29. a4 Bc6 30. a5 Bb5 31. Qf3 h5 32. Ne3 Ncxe3 33. Bxe3 Bxd3 34. cxd3 Qa3 35. Rb1 Nxe3 36. Qxe3 Rab8 37. Nc5 Rxb1 38. Rxb1 Rc8 39. Nd7 Qxa5 40. f5 Qd8 41. fxe6 fxe6 42. Rb7 d4 43. Qf4 Qh4 44. Qf1 Qg5 45. Nf6+ Bxf6 46. exf6 Qxf6 47. Qe1 e5 48. Qb1 Qf4 49. Rb8 Rxb8 50. Qxb8+ Kg7 51. h3 Qf6 52. Qc7+ Kh6 53. Qc1+ Qf4 54. Qc8 Qf1+ 55. Kh2 Qf6 56. Qa8 Kg5 57. Kg1 Kh6 58. Kh2 g5 59. Kg1 g4 60. hxg4 hxg4 61. Qc8 Kg5 62. g3 Kh5 63. Qd7 Qg6 64. Qe7 Qf5 65. Qe8+ Kg5 66. Qg8+ Qg6 67. Qd8+ Qf6 68. Qg8+ Kf5 69. Qc8+ Qe6 70. Qf8+ Kg6 71. Qd8 Qf6 72. Qg8+ Kf5 73. Qc8+ Qe6 74. Qf8+ Kg6 75. Qd8 a5 76. Qxa5 e4 77. dxe4 Qxe4 78. Qb6+ Kf5 79. Qb5+ Qe5 80. Qd7+ Kg5 81. Qd8+ Kg6 82. Qg8+ Kf5 83. Qh7+ Kf6 84. Qh8+ Ke6 85. Qe8+ Kd5 86. Qa8+ Kc4 87. Qa4+ Kd3 88. Qd1+ Kc3 89. Qc1+ Kb4 90. Qb2+ Kc4 91. Qa2+ Kd3 92. Qb1+ Ke2 93. Qc2+ Ke3 94. Qf2+ Kd3 95. Qf1+ Kd2 96. Qf2+ Kc3 97. Qf8 Qxg3+ 0-1

[Event "UKR-ch op"]
[Site "Alushta"]
[Date "1999.??.??"]
[Round "?"]
[White "Milov, Leonid"]
[Black "Lutsko, Igor"]
[Result "1-0"]
[WhiteElo "2486"]
[BlackElo "2354"]
[PlyCount "74"]
[EventDate "1999.??.??"]
[Source "www.chesslib.no"]
[SourceDate "2004.05.04"]

1. e4 c5 2. Nf3 d6 3. d4 cxd4 4. Nxd4 Nf6 5. Nc3 Nc6 6. Bg5 e6 7. Bb5 Qb6 8. a4 Be7 9. Nb3 O-O 10. Bxf6 gxf6 11. a5 Qc7 12. Qh5 Kh8 13. O-O Bd7 14. f4 Be8 15. Kh1 Rg8 16. Rf3 a6 17. Bd3 Nb4 18. Re1 Rg7 19. Rh3 b6 20. Ree3 Bd7 21. Qh6 Qd8 22. Reg3 Qg8 23. axb6 Rb8 24. Nd2 Rxb6 25. Nc4 Rb8 26. Qh5 Rg6 27. f5 Nxd3 28. cxd3 Rg5 29. Rxg5 fxg5 30. Rf3 Be8 31. f6 Bf8 32. Rg3 h6 33. h4 Rc8 34. Rf3 Qh7 35. Rg3 Rc5 36. Qe2 Bb5 37. Nxd6 Bxd6 1-0

[Event "Korr-SM 1995"]
[Site "SSKK SM-95"]
[Date "1995.??.??"]
[Round "?"]
[White "Nielsen, Peter Heine"]
[Black "Hjelm, Niclas"]
[Result "0-1"]
[WhiteElo "2500"]
[BlackElo "2335"]
[PlyCount "64"]
[EventDate "1995.??.??"]
[Source "www.chesslib.no"]
[SourceDate "2004.05.04"]

1. e4 c5 2. Nf3 d6 3. d4 cxd4 4. Nxd4 Nf6 5. Nc3 Nc6 6. Bg5 e6 7. Bb5 Bd7 8. O-O Be7 9. Nxc6 Bxc6 10. Qe2 Qc7 11. Rad1 O-O 12. Rfe1 Rfd8 13. Bd3 a6 14. Qf3 Qa5 15. Bh4 Re8 16. Qh3 Qh5 17. Re3 Qg4 18. e5 Qxh3 19. Rxh3 dxe5 20. Bxf6 gxf6 21. Bxh7+ Kf8 22. Be4 Bxe4 23. Nxe4 f5 24. Nc3 Bf6 25. g4 fxg4 26. Rg3 Red8 27. Rxg4 Rac8 28. Rxd8+ Bxd8 29. Re4 Ba5 30. Re3 Bxc3 31. Rxc3 Rxc3 32. bxc3 e4 0-1

[Event "Patras op"]
[Site "?"]
[Date "2000.??.??"]
[Round "4"]
[White "Karapanos Nikolaos"]
[Black "Bagaturov Giorgi"]
[Result "0-1"]
[WhiteElo "2303"]
[BlackElo "2501"]
[PlyCount "54"]
[EventDate "2000.??.??"]
[Source "www.chesslib.no"]
[SourceDate "2004.05.04"]

1. e4 c5 2. Nf3 d6 3. d4 cxd4 4. Nxd4 Nf6 5. Nc3 Nc6 6. Bg5 e6 7. Bb5 Bd7 8. Bxc6 bxc6 9. Qf3 Qb6 10. Rd1 Be7 11. O-O Rd8 12. Rfe1 O-O 13. e5 dxe5 14. Rxe5 c5 15. Ne4 Nd5 16. Bxe7 Nxe7 17. Rh5 e5 18. Rxe5 Ng6 19. Rxc5 f5 20. Nxf5 Bxf5 21. Rxd8 Rxd8 22. Rxf5 Nh4 23. Nf6+ Qxf6 24. Qb3+ Kh8 25. Rd5 Rf8 26. f3 Qg6 27. g3 Nxf3+ 0-1

[Event "It (Open) Mont de Marsan FRA"]
[Site "?"]
[Date "2005.12.28"]
[Round "6"]
[White "Pasquier Thomas"]
[Black "Inkiov Ventzislav"]
[Result "0-1"]
[WhiteElo "2273"]
[BlackElo "2482"]
[PlyCount "68"]
[EventDate "2005.??.??"]
[Source "www.chesslib.no"]
[SourceDate "2004.05.04"]

1. e4 c5 2. Nf3 d6 3. d4 cxd4 4. Nxd4 Nf6 5. Nc3 Nc6 6. Bg5 e6 7. Bb5 Bd7 8. Bxc6 bxc6 9. Qf3 Qb6 10. Nb3 Be7 11. e5 dxe5 12. O-O-O Rd8 13. Rhe1 O-O 14. Rxe5 Bc8 15. Ree1 c5 16. Ne4 Bb7 17. Bxf6 Bxe4 18. Qxe4 Bxf6 19. Qc4 Rb8 20. c3 Rfc8 21. Re4 a5 22. Qa4 c4 23. Rxc4 Qxf2 24. Rxc8+ Rxc8 25. Qd7 Rf8 26. Qc6 Qf4+ 27. Kb1 a4 28. Nc5 a3 29. Nd7 Qf5+ 30. Ka1 Qc2 31. Nxf6+ gxf6 32. Rb1 Rb8 33. b4 Rd8 34. Qc4 Rd1 0-1

[Event "Miercurea Ciuc op"]
[Site "Miercurea Ciuc"]
[Date "1999.??.??"]
[Round "3"]
[White "Nevednichy, Vladislav"]
[Black "Susterman, Anja"]
[Result "1-0"]
[WhiteElo "2505"]
[BlackElo "2241"]
[PlyCount "75"]
[EventDate "1999.??.??"]
[Source "www.chesslib.no"]
[SourceDate "2004.05.04"]

1. e4 c5 2. Nf3 d6 3. d4 cxd4 4. Nxd4 Nf6 5. Nc3 Nc6 6. Bg5 e6 7. Bb5 Bd7 8. Bxc6 bxc6 9. Qf3 Be7 10. O-O-O Rb8 11. e5 Nd5 12. Bxe7 Qxe7 13. exd6 Qxd6 14. Ne4 Qb4 15. Nb3 O-O 16. Nec5 Bc8 17. Rhe1 Qb6 18. Qg3 a5 19. Re4 Nb4 20. a3 Na6 21. Qc3 Nxc5 22. Nxc5 Rd8 23. Rxd8+ Qxd8 24. f4 h6 25. Rd4 Qf6 26. g3 Kh7 27. a4 e5 28. Re4 exf4 29. Qxf6 gxf6 30. Rxf4 Kg6 31. Rd4 Be6 32. Rd6 Rb6 33. b3 h5 34. Kd2 Kf5 35. Ke3 Rb4 36. Rxc6 h4 37. Nd3 Re4+ 38. Kf2 1-0

[Event "Liptov CC Cup"]
[Site "?"]
[Date "2001.??.??"]
[Round "4"]
[White "Betko Lubomir"]
[Black "Hausner Ivan"]
[Result "0-1"]
[WhiteElo "2275"]
[BlackElo "2425"]
[PlyCount "29"]
[EventDate "2001.??.??"]
[Source "www.chesslib.no"]
[SourceDate "2004.05.04"]

1. e4 c5 2. Nf3 d6 3. d4 cxd4 4. Nxd4 Nf6 5. Nc3 Nc6 6. Bg5 e6 7. Bb5 Bd7 8. Bxc6 bxc6 9. Qf3 h6 10. O-O-O Be7 11. Nb3 e5 12. Bxf6 gxf6 13. Rxd6 Bg4 14. Qxg4 Bxd6 15. Rd1 0-1

[Event "NED Ch Open"]
[Site "Dieren NED"]
[Date "1985.??.??"]
[Round "3"]
[White "Carlier, Bruno"]
[Black "Martinovic, Slobodan"]
[Result "0-1"]
[WhiteElo "2260"]
[BlackElo "2430"]
[PlyCount "63"]
[EventDate "1985.??.??"]
[Source "www.chesslib.no"]
[SourceDate "2004.05.04"]

1. e4 c5 2. Nf3 d6 3. d4 cxd4 4. Nxd4 Nf6 5. Nc3 Nc6 6. Bg5 e6 7. Bb5 Bd7 8. Bxc6 bxc6 9. Qf3 h6 10. Bh4 Qb6 11. O-O-O Rb8 12. b3 Be7 13. Nde2 Qc5 14. Qd3 g5 15. Bg3 e5 16. h4 Rg8 17. hxg5 hxg5 18. f3 Be6 19. Rh6 Nd7 20. Kb1 Bf8 21. Rh5 Nb6 22. Ka1 a5 23. Rb1 a4 24. b4 Qc4 25. Bf2 Nd7 26. Qxc4 Bxc4 27. g4 d5 28. Ng3 d4 29. Nd1 Bxb4 30. Nf5 Be2 31. c3 dxc3 32. Rxb4 0-1

[Event "Afroatin individual prel-2"]
[Site "corr"]
[Date "1997.??.??"]
[Round "?"]
[White "Hampl, Michael G"]
[Black "Gonzalez, Alberto (ARG)"]
[Result "1/2-1/2"]
[WhiteElo "2490"]
[BlackElo "2200"]
[PlyCount "64"]
[EventDate "1997.??.??"]
[Source "www.chesslib.no"]
[SourceDate "2004.05.04"]

1. e4 c5 2. Nf3 d6 3. d4 cxd4 4. Nxd4 Nf6 5. Nc3 Nc6 6. Bg5 e6 7. Bb5 Bd7 8. Bxc6 bxc6 9. Qf3 h6 10. Bh4 Qb6 11. Nb3 Be7 12. O-O e5 13. Bxf6 Bxf6 14. Qd3 Be7 15. Kh1 O-O 16. f4 exf4 17. Rxf4 a5 18. Rb1 Bg5 19. Rf3 Rad8 20. Nd4 Rde8 21. b3 Bg4 22. Na4 Qb7 23. Rg3 Bh5 24. Nf5 Qb4 25. Qc3 Re5 26. Qxc6 Qxe4 27. Qxe4 Rxe4 28. Nc3 Re6 29. Nb5 Bg6 30. Nfd4 Re5 31. Rf1 Bxc2 32. Nxd6 Bg6 1/2-1/2

[Event "Jyvaskyla Open"]
[Site "Jyvaskyla FIN"]
[Date "1989.??.??"]
[Round "?"]
[White "Westerinen, Heikki M J"]
[Black "Pirttimaki, Timo"]
[Result "0-1"]
[WhiteElo "2400"]
[BlackElo "2250"]
[PlyCount "84"]
[EventDate "1989.??.??"]
[Source "www.chesslib.no"]
[SourceDate "2004.05.04"]

1. e4 c5 2. Nf3 d6 3. d4 cxd4 4. Nxd4 Nf6 5. Nc3 Nc6 6. Bg5 e6 7. Bb5 Bd7 8. Bxc6 bxc6 9. Qf3 Qb6 10. O-O-O Be7 11. Nb3 h6 12. e5 dxe5 13. Bxf6 gxf6 14. Ne4 f5 15. Nd6+ Bxd6 16. Rxd6 Ke7 17. Rhd1 Rhd8 18. Qg3 Be8 19. Qh4+ f6 20. Rxd8 Rxd8 21. Rxd8 Qxd8 22. Qxh6 Qd5 23. Qe3 Qxg2 24. Qxa7+ Kf8 25. a4 f4 26. a5 e4 27. Qd4 e5 28. Qb4+ c5 29. Qe1 e3 30. fxe3 Bg6 31. Qd1 fxe3 32. Nxc5 e2 33. Qd8+ Kf7 34. Qc7+ Kg8 35. Kd2 Qd5+ 36. Kxe2 Bh5+ 37. Kf2 Qd4+ 38. Kg3 Qf4+ 39. Kh3 Bg4+ 40. Kg2 Qf3+ 41. Kg1 Qe3+ 42. Kg2 Bh3+ 0-1

[Event "Salogernas Elo"]
[Site "Salogernas"]
[Date "1994.??.??"]
[Round "?"]
[White "Sammalvuo, Tapani"]
[Black "Hjelm, Niclas"]
[Result "1-0"]
[WhiteElo "2280"]
[BlackElo "2330"]
[PlyCount "67"]
[EventDate "1994.??.??"]
[Source "www.chesslib.no"]
[SourceDate "2004.05.04"]

1. e4 c5 2. Nf3 d6 3. d4 cxd4 4. Nxd4 Nf6 5. Nc3 Nc6 6. Bg5 e6 7. Bb5 Bd7 8. Bxc6 bxc6 9. Qf3 h6 10. Bh4 c5 11. Nb3 Be7 12. O-O-O Rc8 13. Bxf6 gxf6 14. Nd2 c4 15. Qe2 Qc7 16. Nf1 Qc5 17. Ne3 Bd8 18. Qd2 Rc6 19. Rhe1 Kf8 20. Kb1 Ba5 21. Qd4 Qxd4 22. Rxd4 Rg8 23. g3 Rg5 24. Red1 Bxc3 25. bxc3 Ke7 26. Rxc4 Rxc4 27. Nxc4 Rc5 28. Nxd6 Rxc3 29. Nxf7 Ba4 30. Nxh6 Bxc2+ 31. Kb2 Bxd1 32. Kxc3 Kf8 33. Kd2 Bh5 34. h3 1-0